| 000 | 00564nam a2200181Ia 4500 | ||
|---|---|---|---|
| 005 | 20250508151106.0 | ||
| 008 | 008 250505s9999 xx 000 0 eng d | ||
| 037 | _aTextual | ||
| 040 |
_aFEDL _beng _cFEDL |
||
| 041 |
_aeng _2eng |
||
| 084 |
_a364.36, UNI _qFEDL |
||
| 245 | 0 | _aComparative survey on juvenile delinquency | |
| 245 | 0 | _cUnited Nations. Department of Social Affairs | |
| 260 |
_aNew York, USA _bUnited Nations Department of Social Affairs _c1952 |
||
| 300 | _avii132p | ||
| 942 |
_cTEXL _h364.36, UNI |
||
| 999 |
_c1327546 _d1327546 |
||